| 000 | 00401nam a22001697a 4500 | ||
|---|---|---|---|
| 005 | 20160503110018.0 | ||
| 008 | 160503b xxu||||| |||| 00| 0 eng d | ||
| 020 | _a810242-0169-2 | ||
| 041 | _aeng | ||
| 082 | _b1169 | ||
| 100 |
_aDale Mangarate _9388 |
||
| 245 | _aDeveloping Management skills | ||
| 260 |
_bCrest Publishing house _c2001 |
||
| 300 | _a297 | ||
| 650 |
_aManagement _9241 |
||
| 942 | _cBK | ||
| 999 |
_c462 _d462 |
||